RIBA product selector (Record no. 106645)

MARC details
000 -LEADER
fixed length control field 00808cad a22002295 4500
001 - CONTROL NUMBER
control field L137114
008 - FIXED-LENGTH DATA ELEMENTS--GENERAL INFORMATION
fixed length control field 110408s2011 xxk0 f 000 0 eng d
020 ## - INTERNATIONAL STANDARD BOOK NUMBER
International Standard Book Number 0907125506
-- 9780907125525
022 1# - INTERNATIONAL STANDARD SERIAL NUMBER
International Standard Serial Number 0265-8739
035 ## - SYSTEM CONTROL NUMBER
System control number (Sirsi) u137114
041 0# - LANGUAGE CODE
Language code of text/sound track or separate title eng
050 04 - LIBRARY OF CONGRESS CALL NUMBER
Classification number 690.029 $2 18
110 2# - MAIN ENTRY--CORPORATE NAME
Corporate name or jurisdiction name as entry element Royal Institute of British Architects
9 (RLIN) 2527
245 00 - TITLE STATEMENT
Title RIBA product selector
Medium [electronic resource]
260 ## - PUBLICATION, DISTRIBUTION, ETC.
Place of publication, distribution, etc. London
Name of publisher, distributor, etc. RIBA Enterprises
Date of publication, distribution, etc. 2011
300 ## - PHYSICAL DESCRIPTION
Extent 3
Type of unit v.
Dimensions 27cm.
520 ## - SUMMARY, ETC.
Summary, etc. Online information resource for building product information
-- [electronic resource]
651 #4 - SUBJECT ADDED ENTRY--GEOGRAPHIC NAME
Geographic name United Kingdom
Chronological subdivision
690 ## - LOCAL SUBJECT ADDED ENTRY--TOPICAL TERM (OCLC, RLIN)
Topical term or geographic name as entry element BUILT ENVIRONMENT-BUILDING MATERIALS
856 41 - ELECTRONIC LOCATION AND ACCESS
Uniform Resource Identifier <a href="https://www.ribaproductselector.com/">https://www.ribaproductselector.com/</a>
Public note View the product selector free of charge at www.ribaproductselector.com
942 ## - ADDED ENTRY ELEMENTS (KOHA)
Suppress in OPAC 0
Holdings
Withdrawn status Lost status Source of classification or shelving scheme Damaged status Not for loan Home library Current library Shelving location Date acquired Total Checkouts Full call number Barcode Date last seen Copy number Price effective from Koha item type
    Dewey Decimal Classification     Virtual Virtual Online 11/04/2011   ONLINE PUBLICATION 137114-2002 06/08/2019 2 06/08/2019 Online material